000 00708nam a2200217 i 4500
001 121829
003 ES-MaACL
005 20250822030806.0
007 t|
008 070214s1971 sp r ||||1| spa d
100 1 _aPortuondo, Juan A.
_993303
245 1 4 _aLos test de formación de conceptos en psicología clínica /
_cpor Juan A. Portuondo.
260 _aMadrid :
_bBiblioteca Nueva,
_c1971.
300 _a75 p. ;
_c24 cm.
490 1 _aTextos y Temas Psicológicos ;
_v19
650 _aTests psicológicos.
_9147498
650 0 7 _aPsicología clínica
_2embne
_916553
830 0 _aTextos y Temas Psicológicos ;
_v19
_9186524
852 _aES-MaACL
_jC-41885
_bR.79007
999 _c121829
_d121829